Clinical calculations : with applications to general and specialty areas

This book provides comprehensive coverage of dosage calculations used in nursing practice, including applications not only for the general patient care areas, but also for specialty units such as pediatrics, critical care, labor and delivery, and the community. In addition, it is the only text on th...

Täydet tiedot

Tallennettuna:
Bibliografiset tiedot
Päätekijä: Kee, Joyce LeFever
Aineistotyyppi: Kirja
Kieli:Undetermined
Julkaistu: St. Louis Saunders 2004
Aiheet:
Tagit: Lisää tagi
Ei tageja, Lisää ensimmäinen tagi!
Thư viện lưu trữ: Trung tâm Học liệu Trường Đại học Cần Thơ
LEADER 01090nam a2200229Ia 4500
001 CTU_115972
008 210402s9999 xx 000 0 und d
020 |c 28.00 
082 |a 615.14 
082 |b K26 
100 |a Kee, Joyce LeFever 
245 0 |a Clinical calculations : 
245 0 |b with applications to general and specialty areas 
245 0 |c Joyce LeFever Kee, Sally M. Mershall 
260 |a St. Louis 
260 |b Saunders 
260 |c 2004 
520 |a This book provides comprehensive coverage of dosage calculations used in nursing practice, including applications not only for the general patient care areas, but also for specialty units such as pediatrics, critical care, labor and delivery, and the community. In addition, it is the only text on the market that presents all four major dosage calculation methods (ratio/proportion, formula, fractional equation, and dimensional analysis) 
650 |a Pharmaceutical arithmetic 
904 |i Vương 
910 |a Sách kèm theo đĩa AV.003701 
980 |a Trung tâm Học liệu Trường Đại học Cần Thơ